[Event "Saarland-ch D"]
[Site "Saarlouis Steinrausch"]
[Date "2005.03.26"]
[Round "9"]
[White "Jungen, Jonas"]
[Black "Gerhardt, Anastasia"]
[Result "1/2-1/2"]
[WhiteElo "802"]
[BlackElo "1078"]
[PlyCount "43"]
[EventDate "2005.03.18"]
[EventType "swiss"]
[EventRounds "9"]
[EventCountry "GER"]
[SourceTitle "EXT 2012"]
[Source "ChessBase"]
[SourceDate "2011.11.24"]
[SourceVersion "1"]
[SourceVersionDate "2011.11.24"]
[SourceQuality "1"]

1. e4 e5 2. Nf3 Nf6 3. Nc3 Bb4 4. Bc4 c6 5. d3 d5 6. exd5 cxd5 7. Bb5+ Nc6 8. 0-0 0-0 9. Bxc6 bxc6 10. Nxe5 Qd6 11. Bf4 Bg4 12. Nxg4 Qxf4 13. Nxf6+ Qxf6 14. d4 Bd6 15. Qg4 Qf4 16. Qxf4 Bxf4 17. Na4 Bd6 18. Nc5 Bxc5 19. dxc5 Rfe8 20. Rfe1 Rxe1+ 21. Rxe1 Kf8 22. a4 1/2-1/2

[Event "Saarland-ch D"]
[Site "Saarlouis Steinrausch"]
[Date "2005.03.25"]
[Round "8"]
[White "Resch, Sebastian"]
[Black "Jungen, Jonas"]
[Result "0-1"]
[WhiteElo "850"]
[BlackElo "802"]
[PlyCount "32"]
[EventDate "2005.03.18"]
[EventType "swiss"]
[EventRounds "9"]
[EventCountry "GER"]
[SourceTitle "EXT 2012"]
[Source "ChessBase"]
[SourceDate "2011.11.24"]
[SourceVersion "1"]
[SourceVersionDate "2011.11.24"]
[SourceQuality "1"]

1. e4 e5 2. Nf3 Nc6 3. d4 d6 4. dxe5 Nxe5 5. Nc3 Bg4 6. Be2 Bxf3 7. Bxf3 Nf6 8. Bg5 Be7 9. 0-0 c6 10. Bxf6 Bxf6 11. h3 0-0 12. Bg4 b5 13. f4 Nc4 14. Rf3 Nxb2 15. Qd2 Na4 16. Nxa4 Bxa1 0-1

[Event "Saarland-ch D"]
[Site "Saarlouis Steinrausch"]
[Date "2005.03.19"]
[Round "2"]
[White "Jungen, Jonas"]
[Black "Plate, Michael"]
[Result "1-0"]
[WhiteElo "802"]
[BlackElo "786"]
[PlyCount "77"]
[EventDate "2005.03.18"]
[EventType "swiss"]
[EventRounds "9"]
[EventCountry "GER"]
[SourceTitle "EXT 2012"]
[Source "ChessBase"]
[SourceDate "2011.11.24"]
[SourceVersion "1"]
[SourceVersionDate "2011.11.24"]
[SourceQuality "1"]

1. e4 e5 2. Nf3 Nc6 3. Nc3 Nf6 4. Bb5 d6 5. d3 Be7 6. Bg5 Bd7 7. Bxf6 Bxf6 8. Nd5 Bg5 9. 0-0 Bg4 10. c4 Bxf3 11. Qxf3 0-0 12. Bxc6 bxc6 13. Nb4 c5 14. Nd5 c6 15. Ne3 Bxe3 16. Qxe3 Qf6 17. b3 Rad8 18. a4 d5 19. Qxc5 dxe4 20. dxe4 Rd4 21. Rae1 Qg6 22. Qxe5 f6 23. Qxd4 Rb8 24. Rb1 Re8 25. f3 Re5 26. Qxa7 Rg5 27. Rf2 Qf7 28. Qxf7+ Kxf7 29. b4 Ke7 30. f4 Rh5 31. b5 cxb5 32. axb5 Kd8 33. b6 Kc8 34. b7+ Kb8 35. Rd2 g5 36. Rd7 gxf4 37. Ra1 Ra5 38. Rxa5 f5 39. Ra8# 1-0